| 000 | 01054 a2200301 4500 | ||
|---|---|---|---|
| 001 | 200003000 | ||
| 999 |
_c200003000 _d21407 |
||
| 003 | TR-AnTOB | ||
| 005 | 20220309192636.0 | ||
| 008 | 110215s2010 tu 000 0 | ||
| 020 | _a9789759078058 | ||
| 040 | _aTR-AnTOB | ||
| 041 | 0 | _atur | |
| 050 | 1 | 4 |
_aDF550 _b.I88 2010 |
| 090 | _aDF550.I88 2010 | ||
| 245 | 0 | 0 |
_aİstanbul'un antikçağ tarihi : _bklasik ve hellenistik dönemler _c[yayınlayan ve yöneten Murat Arslan]. |
| 246 | 1 | 0 | _aKlasik ve Hellenistik Dönemler. |
| 264 | 1 |
_aİstanbul: _bOdin Yayıncılık, _c2010. |
|
| 300 |
_a579 p. _bill. _c25 cm. |
||
| 504 | _aIncludes bibliographical references p.268-272 and index. | ||
| 505 | _aKlasik Dönem. -- Hellenistik Dönem. -- Toplumsal Yapı. | ||
| 651 | 0 |
_aByzantine Empire _xCivilization _925625 |
|
| 651 | 0 |
_aByzantine Empire _xSocial life and customs _972974 |
|
| 651 | 0 |
_aBizans İmparatorluğu _xSosyal yaşam ve gelenekler _972975 |
|
| 651 | 7 |
_aBizans İmparatorluğu _xUygarlık _2etuturkob _925624 |
|
| 700 | 1 |
_aArslan, Murat _972973 |
|
| 942 | _cBK | ||